00553cam a22002171 4500001001300000003000400013005001700017008004100034010001700075035002000092040001800112042001200130050001600142100003100158245003700189260001100226300002200237500001600259650004300275999001700318sa 64005436 DLC20260227112032.0890815s1963 ii 000 0 beno  asa 64005436  a(OCoLC)20183063 aDLCcWaUdDLC apremarc00aPK1710b.G81 aGupta, Śibendra Nātha.10aBaishṇaba kābyera dhārā. c[1963] a4, 173 p.c22 cm. aIn Bengali. 0aBengali poetryxHistory and criticism. c59119d59119